[Event "ICS rated blitz match"]
[Site "204.178.125.65"]
[Date "1999.12.13"]
[Round "?"]
[White "Hossa"]
[Black "PackMaster"]
[Result "1-0"]
[WhiteElo "2449"]
[BlackElo "2569"]
[PlyCount "137"]

1. d4 Nf6 2. c4 e6 3. Nc3 Bb4 4. Qc2 c5 5. dxc5 O-O 6. e4 Bxc5 7. Bg5 Nc6 8.
Nf3 Nb4 9. Qd2 d6 10. Be2 Na6 11. Rd1 h6 12. Bh4 Qe7 13. a3 Bb6 14. Nb5 Rd8 15.
Nxd6 g5 16. Bxg5 hxg5 17. Qxg5+ Kf8 18. Qh6+ Kg8 19. Ng5 Rxd6 20. Rxd6 Ba5+ 21.
b4 Qxd6 22. Qxf6 Bxb4+ 23. axb4 Qxb4+ 24. Kd1 Qa4+ 25. Kd2 Qb4+ 26. Ke3 Qc5+
27. Kf3 Qf8 28. Kg3 Bd7 29. Bh5 Be8 30. e5 Qa3+ 31. Kh4 Qf8 32. Rd1 Nc5 33. Rd2
Qg7 34. Qf4 Qh6 35. g4 Qg7 36. Rd6 Na4 37. Kg3 Rc8 38. h4 Nb6 39. Rd4 a6 40.
Kh3 Na4 41. f3 Nb6 42. Kg2 Ra8 43. Re4 Qf8 44. Rd4 Qg7 45. Kg1 Na4 46. Rd6 Nc5
47. Kf2 Qf8 48. Qf6 Rc8 49. Rd4 Rc7 50. Rd8 Re7 51. Bxf7+ Rxf7 52. Qg6+ Qg7 53.
Rxe8+ Rf8 54. Rxf8+ Kxf8 55. Nh7+ Qxh7 56. Qxh7 b6 57. Qc7 Nd3+ 58. Kf1 Nc1 59.
Qxb6 Kf7 60. Qb7+ Ke8 61. Qxa6 Kf7 62. Qa3 Na2 63. h5 Nc3 64. Qxc3 Ke8 65. Qb3
Kf8 66. Qb7 Kg8 67. h6 Kf8 68. h7 Ke8 69. h8=Q# 1-0

[Event "ICS Rated blitz match"]
[Site "204.178.125.65"]
[Date "1999.12.13"]
[Round "?"]
[White "PackMaster"]
[Black "Hossa"]
[Result "0-1"]
[WhiteElo "2548"]
[BlackElo "2470"]
[PlyCount "86"]

1. e4 c5 2. Nf3 Nc6 3. d4 cxd4 4. Nxd4 Nf6 5. Nc3 e6 6. Ndb5 d6 7. Bf4 e5 8.
Bg5 a6 9. Bxf6 gxf6 10. Na3 f5 11. Qh5 fxe4 12. Bc4 Qf6 13. Nd5 Qd8 14. Nb6
Qxb6 15. Qxf7+ Kd8 16. Qf6+ Kc7 17. Bb3 Rg8 18. Bxg8 Qxb2 19. Rb1 Qc3+ 20. Kf1
Bd7 21. Nc4 Qxc2 22. Re1 Be7 23. Qg7 Rf8 24. Qg3 Qxa2 25. Re2 Qa1+ 26. Re1 Qa2
27. Re2 Qa4 28. Re1 h6 29. Qg6 Qa2 30. Qg3 b5 31. Bd5 bxc4 32. Bxe4 Nd4 33. Qe3
Bg5 34. Qg3 Rf4 35. h4 Rg4 36. Bb1 Qb2 37. Qxg4 Bxg4 38. hxg5 Be2+ 39. Kg1 Qd2
40. Kh2 Qf4+ 41. g3 Qxf2+ 42. Kh3 Bf3 43. Rc1 Ne2 0-1

[Event "ICS Rated blitz match"]
[Site "204.178.125.65"]
[Date "1999.12.13"]
[Round "?"]
[White "Hossa"]
[Black "Skeletor"]
[Result "1/2-1/2"]
[WhiteElo "2490"]
[BlackElo "2722"]
[PlyCount "58"]

1. d4 Nf6 2. c4 e6 3. Nc3 Bb4 4. Qc2 O-O 5. a3 Bxc3+ 6. Qxc3 b6 7. Bg5 Bb7 8.
e3 d6 9. Ne2 c5 10. dxc5 dxc5 11. Rd1 Nbd7 12. Bxf6 gxf6 13. Nf4 Bc6 14. Be2 h6
15. Nh5 Kh8 16. Bf3 Bxf3 17. Rxd7 Bxh5 18. Rxd8 Raxd8 19. Qxf6+ Kh7 20. f3 Rd3
21. Qh4 Bg6 22. O-O Rd2 23. Qe7 Rfd8 24. b4 R8d7 25. Qe8 R7d3 26. Rf2 Rd1+ 27.
Rf1 R1d2 28. Rf2 Rd1+ 29. Rf1 R1d2 1/2-1/2

[Event "ICS Rated blitz match"]
[Site "204.178.125.65"]
[Date "1999.12.13"]
[Round "?"]
[White "Skeletor"]
[Black "Hossa"]
[Result "1-0"]
[WhiteElo "2713"]
[BlackElo "2499"]
[PlyCount "101"]

1. d4 Nf6 2. c4 g6 3. Nc3 Bg7 4. e4 d6 5. f3 O-O 6. Be3 e5 7. d5 Nh5 8. Qd2 Na6
9. Nb5 Bd7 10. g4 Nf4 11. O-O-O Qf6 12. h4 Bxb5 13. cxb5 Nc5 14. g5 Qe7 15.
Bxf4 exf4 16. Qxf4 f5 17. gxf6 Qxf6 18. Qxf6 Rxf6 19. h5 g5 20. Bh3 Raf8 21.
Bf5 h6 22. Bg4 Kf7 23. Ne2 Bh8 24. b4 Na4 25. Rd3 Rb8 26. Ra3 Nb6 27. Rxa7 Nc4
28. Nd4 Kg8 29. Be6+ Kh7 30. Rh3 Bg7 31. Nf5 Nb6 32. Rh2 Na8 33. Rc2 Bf8 34. b6
Nxb6 35. Rxc7+ Kh8 36. b5 Bg7 37. Raxb7 Rxb7 38. Rxb7 Rxf5 39. exf5 Bd4 40. f6
Bxf6 41. Rxb6 Be5 42. Rb8+ Kh7 43. b6 Bd4 44. b7 Be3+ 45. Kc2 Ba7 46. Ra8 Kg7
47. Rxa7 Kf6 48. b8=Q Ke5 49. Ra4 Kf6 50. Qh8+ Ke7 51. Ra7# 1-0

[Event "ICS Rated blitz match"]
[Site "204.178.125.65"]
[Date "1999.12.13"]
[Round "?"]
[White "MissSilicon"]
[Black "Hossa"]
[Result "1-0"]
[WhiteElo "2659"]
[BlackElo "2494"]
[PlyCount "261"]

1. d4 d5 2. c4 dxc4 3. Nf3 Nf6 4. e3 e6 5. Bxc4 a6 6. O-O c5 7. a4 Qc7 8. Qe2
Be7 9. dxc5 Bxc5 10. e4 O-O 11. Bg5 Ng4 12. Nbd2 Bd6 13. h3 Ne5 14. Rac1 Nxc4
15. Nxc4 Bb4 16. Rfd1 Nc6 17. Qe3 f6 18. Nb6 Rb8 19. Bf4 e5 20. Qb3+ Qf7 21.
Qxf7+ Rxf7 22. Bd2 Bd6 23. Bc3 Bf8 24. Nxc8 Rxc8 25. Ba5 g6 26. Rc2 Kg7 27. Bb6
Bb4 28. Rcc1 Ne7 29. Ne1 Rxc1 30. Rxc1 Bxe1 31. Rxe1 Nc6 32. Rd1 Nd4 33. f3 Rd7
34. Kf1 Kf7 35. b4 Ke6 36. f4 Nc2 37. Rxd7 Kxd7 38. fxe5 fxe5 39. Bc5 Kc6 40.
Bf8 b5 41. a5 h5 42. Bc5 Na3 43. Ke2 Nc4 44. Bf8 Kd7 45. Bh6 Ke6 46. g3 Kf6 47.
h4 Ke7 48. Bg5+ Kd6 49. Kf2 Na3 50. g4 Nc2 51. gxh5 gxh5 52. Bd2 Na3 53. Be3
Nc4 54. Ba7 Ke7 55. Ke2 Kf6 56. Kd3 Kf7 57. Bb6 Ke6 58. Bc5 Na3 59. Kc3 Kf6 60.
Kd2 Nc4+ 61. Kd1 Kf7 62. Ke2 Ke8 63. Kd3 Kd7 64. Bf8 Kd8 65. Kc3 Ke8 66. Bg7
Ke7 67. Kd3 Kd6 68. Ke2 Kd7 69. Bf6 Ke8 70. Kd3 Kf7 71. Bg5 Ke6 72. Bc1 Kd7 73.
Bh6 Kd6 74. Bf8+ Kc7 75. Ke2 Kc6 76. Bh6 Kb7 77. Bg7 Kc8 78. Kf3 Kd7 79. Bh6
Ke7 80. Bg5+ Ke6 81. Bc1 Kd6 82. Ke2 Kd7 83. Bg5 Kd6 84. Kf2 Ke6 85. Bh6 Kf7
86. Bc1 Kf6 87. Ke2 Kg6 88. Kd3 Kg7 89. Bg5 Kf7 90. Bd8 Ke6 91. Bc7 Kd7 92. Bb8
Kc6 93. Ba7 Kd6 94. Bf2 Ke7 95. Ke2 Kd8 96. Bg3 Kd7 97. Kd3 Kc6 98. Kc3 Nd6 99.
Bxe5 Nxe4+ 100. Kd4 Nd2 101. Bf6 Kd6 102. Bg5 Nc4 103. Bc1 Ke7 104. Kc5 Kd7
105. Kd5 Kc7 106. Ke6 Kc6 107. Bh6 Na3 108. Ke5 Nc2 109. Bd2 Na1 110. Bc3 Nc2
111. Ke4 Kd6 112. Bd2 Ke6 113. Kd3 Na3 114. Kd4 Kf5 115. Kc5 Nc4 116. Bg5 Kg4
117. Kc6 Ne5+ 118. Kb6 Nf7 119. Kxa6 Nxg5 120. hxg5 h4 121. g6 Kf4 122. g7 Ke5
123. g8=Q Kf4 124. Kxb5 h3 125. a6 h2 126. Qb8+ Ke3 127. Qxh2 Ke4 128. a7 Kd4
129. a8=Q Kc3 130. Qf3+ Kd4 131. Qhf4# 1-0

[Event "ICS Rated blitz match"]
[Site "204.178.125.65"]
[Date "1999.12.13"]
[Round "?"]
[White "Hossa"]
[Black "MissSilicon"]
[Result "1/2-1/2"]
[WhiteElo "2485"]
[BlackElo "2668"]
[PlyCount "219"]

1. d4 f5 2. c4 e6 3. Nf3 Nf6 4. Nc3 Bb4 5. a3 Bxc3+ 6. bxc3 O-O 7. Bf4 Ne4 8.
Qb3 c5 9. e3 Nc6 10. Bd3 d5 11. Ne5 Na5 12. Qc2 g5 13. Bg3 cxd4 14. cxd4 Nxc4
15. Nxc4 Nxg3 16. hxg3 dxc4 17. Qxc4 Bd7 18. Qb3 Qa5+ 19. Kf1 b6 20. Rh5 g4 21.
Rc1 Rac8 22. Rxc8 Rxc8 23. Rg5+ Kh8 24. Qb4 Qxb4 25. axb4 Be8 26. Bxf5 exf5 27.
Rxf5 Kg7 28. f4 Rc1+ 29. Kf2 Bg6 30. Re5 Rb1 31. Re7+ Kf6 32. Rxa7 Bd3 33. e4
Bxe4 34. Ke3 Bg6 35. Ra8 Rxb4 36. Ra2 Ke6 37. Ra7 Rb2 38. Rb7 Kf5 39. Rb8 Rxg2
40. Rf8+ Ke6 41. f5+ Bxf5 42. Kf4 Rd2 43. Re8+ Kd7 44. Rb8 Bg6 45. Rxb6 Rxd4+
46. Kg5 Kc7 47. Rf6 Re4 48. Rf8 Kd6 49. Ra8 Rc4 50. Rf8 Ke6 51. Ra8 Rd4 52.
Ra6+ Kd5 53. Ra8 Kc6 54. Ra2 Kd6 55. Ra6+ Ke7 56. Ra7+ Ke8 57. Ra8+ Kf7 58.
Ra7+ Kf8 59. Kh4 h5 60. Rb7 Bf7 61. Rc7 Ke8 62. Rb7 Rd7 63. Rb1 Ke7 64. Re1+
Kd6 65. Re2 Re7 66. Rd2+ Kc5 67. Rd1 Re3 68. Rd8 Re4 69. Rd1 Bg6 70. Ra1 Kd5
71. Ra5+ Kd4 72. Ra4+ Ke3 73. Ra3+ Kf2 74. Ra5 Be8 75. Rc5 Kf3 76. Rf5+ Ke3 77.
Rd5 Ke2 78. Re5 Kd3 79. Rd5+ Kc4 80. Rd8 Re6 81. Rc8+ Kd3 82. Rd8+ Ke4 83. Rd1
Bg6 84. Re1+ Kd5 85. Rd1+ Kc5 86. Kg5 Kc4 87. Kh4 Kc3 88. Rd8 Kb4 89. Rc8 Rd6
90. Ra8 Kc4 91. Ra4+ Kd3 92. Ra3+ Ke4 93. Ra1 Kf3 94. Ra3+ Ke2 95. Ra2+ Ke3 96.
Ra3+ Kd4 97. Ra4+ Ke5 98. Ra5+ Ke6 99. Ra2 Kf6 100. Ra6 Re6 101. Rb6 Ke5 102.
Rb2 Kd4 103. Rd2+ Ke3 104. Rb2 Rd6 105. Ra2 Rd7 106. Ra3+ Ke4 107. Ra4+ Kd3
108. Ra1 Rd5 109. Rd1+ Kc4 110. Rc1+ 1/2-1/2

[Event "ICS Rated blitz match"]
[Site "204.178.125.65"]
[Date "1999.12.13"]
[Round "?"]
[White "robbok1"]
[Black "Hossa"]
[Result "1-0"]
[WhiteElo "2414"]
[BlackElo "2493"]
[PlyCount "86"]

1. e4 d6 2. d4 Nf6 3. Nc3 g6 4. Nf3 Bg7 5. Be2 Nbd7 6. e5 dxe5 7. dxe5 Ng4 8.
e6 fxe6 9. Ng5 Nxf2 10. Kxf2 O-O+ 11. Ke1 Bxc3+ 12. bxc3 Nf6 13. Qxd8 Rxd8 14.
Rb1 h6 15. Nf3 g5 16. Ba3 Nd5 17. Rb3 Rf8 18. g3 a5 19. c4 Nb4 20. Bb2 Nxa2 21.
c3 e5 22. Nxe5 Bf5 23. Rxb7 Be4 24. Bf3 Bxb7 25. Bxb7 Rab8 26. Bd5+ e6 27.
Bxe6+ Kg7 28. Nd3 Rxb2 29. Nxb2 Rb8 30. Nd1 Re8 31. Kd2 Rxe6 32. Nb2 Rb6 33.
Kc2 a4 34. Ra1 a3 35. Nd3 Nc1 36. Kxc1 Ra6 37. Nb4 Ra5 38. Nc2 Ra4 39. Nxa3 h5
40. Kb2 Kf6 41. Rf1+ Kg6 42. Kb3 Ra7 43. Nb5 Rb7 1-0

[Event "ICS Rated blitz match"]
[Site "204.178.125.65"]
[Date "1999.12.13"]
[Round "?"]
[White "Hossa"]
[Black "PostModernist"]
[Result "0-1"]
[WhiteElo "2473"]
[BlackElo "2576"]
[PlyCount "138"]

1. d4 Nf6 2. c4 e6 3. Nc3 Bb4 4. a3 Bxc3+ 5. bxc3 c5 6. e3 Nc6 7. Bd3 e5 8. Ne2
e4 9. Bb1 b6 10. Ng3 Ba6 11. Qa4 Na5 12. dxc5 bxc5 13. Nxe4 Nxe4 14. Bxe4 Rb8
15. Bd5 O-O 16. O-O Qc7 17. Ra2 Bb7 18. Rd1 Bc6 19. Qc2 Rb3 20. Qd3 Rfb8 21.
Rad2 Bxd5 22. Qxd5 d6 23. Qxd6 Qxd6 24. Rxd6 h6 25. a4 Nxc4 26. R6d3 Rb1 27.
Rd7 R8b3 28. R7d3 Ra1 29. Rf1 Rbb1 30. Rd8+ Kh7 31. h4 Rxc1 32. Rxc1 Rxc1+ 33.
Kh2 Rf1 34. Kg3 Ra1 35. Rd5 Rxa4 36. Rxc5 Nd6 37. Rc7 Ne4+ 38. Kf3 f5 39. Kf4
Nxf2+ 40. Kxf5 Rxh4 41. Rxa7 Re4 42. Rf7 Rxe3 43. c4 Nd3 44. Rc7 Ne1 45. Rd7
Nxg2 46. c5 Rc3 47. Rc7 h5 48. Ke4 h4 49. Kd4 h3 50. Rb7 Rc1 51. Rb3 Nf4 52.
Rb2 Rxc5 53. Rf2 g5 54. Ke3 Ng2+ 55. Kd4 Rc7 56. Ke5 h2 57. Rf1 Re7+ 58. Kd4
Re1 59. Rf7+ Kg6 60. Rf8 h1=Q 61. Rg8+ Kf7 62. Rxg5 Qh4+ 63. Kc5 Qxg5+ 64. Kc4
Re4+ 65. Kc3 Qc5+ 66. Kd2 Qf2+ 67. Kc3 Qa2 68. Kd3 Qc4+ 69. Kd2 Rd4# 0-1

[Event "ICS rated blitz match"]
[Site "204.178.125.65"]
[Date "1999.12.13"]
[Round "?"]
[White "PostModernist"]
[Black "Hossa"]
[Result "1-0"]
[WhiteElo "2587"]
[BlackElo "2462"]
[PlyCount "177"]

1. e4 e5 2. Bc4 Nf6 3. d3 Nc6 4. Nf3 Bc5 5. Nc3 O-O 6. O-O d6 7. Bg5 h6 8. Be3
Bb4 9. h3 Bxc3 10. bxc3 d5 11. exd5 Nxd5 12. Bd2 Qd6 13. Rb1 a6 14. Re1 Nb6 15.
Bb3 a5 16. a4 Be6 17. c4 Rad8 18. Be3 Nd7 19. c5 Nxc5 20. Bxc5 Qxc5 21. Bxe6
fxe6 22. Rxb7 Nd4 23. Nxe5 Rxf2 24. Kxf2 Nf5+ 25. Kf3 Qd5+ 26. Kf2 Qxb7 27. Kg1
Qb4 28. c4 Qb6+ 29. Kh2 Qf2 30. Qe2 Qf4+ 31. Kg1 Nd4 32. Qf1 Qxf1+ 33. Rxf1 Rb8
34. Nd7 Rd8 35. Nc5 Rb8 36. Re1 Re8 37. Re5 c6 38. Re4 e5 39. Nd7 Rd8 40. Nxe5
c5 41. h4 h5 42. Kh2 Rd6 43. Kh3 Kh7 44. g4 g6 45. Nf7 Rb6 46. Ng5+ Kg7 47.
Re7+ Kg8 48. Ne4 Ne6 49. Kg3 Kf8 50. Ra7 Rb3 51. Nf2 Rb1 52. gxh5 gxh5 53. Ra8+
Ke7 54. Rxa5 Rg1+ 55. Kh2 Rg6 56. Ra6 Rf6 57. Ra7+ Kf8 58. Nh3 Rf3 59. Rd7 Nd4
60. Ng5 Rf2+ 61. Kh3 Ke8 62. Rh7 Rd2 63. Rxh5 Rxd3+ 64. Kg4 Ra3 65. Rh8+ Kd7
66. Ne4 Nb3 67. Rb8 Na5 68. Nxc5+ Kd6 69. Rb5 Nxc4 70. Ne4+ Ke6 71. h5 Ra2 72.
Kg3 Ra1 73. h6 Rg1+ 74. Kh2 Rg6 75. h7 Rh6+ 76. Kg3 Kf7 77. Rc5 Ne3 78. Ng5+
Kf6 79. Rc6+ Kg7 80. Rxh6 Nf5+ 81. Kf4 Nxh6 82. a5 Kf6 83. h8=Q+ Ke7 84. Qxh6
Kd7 85. Qe6+ Kd8 86. Nf7+ Kc7 87. a6 Kb8 88. Qb3+ Kc7 89. Qb7# 1-0

[Event "ICS Rated blitz match"]
[Site "204.178.125.65"]
[Date "1999.12.13"]
[Round "?"]
[White "Hossa"]
[Black "novator"]
[Result "1-0"]
[WhiteElo "2452"]
[BlackElo "2179"]
[PlyCount "67"]

1. e4 c5 2. Nf3 d6 3. d4 cxd4 4. Nxd4 Nf6 5. Nc3 g6 6. Bc4 Bg7 7. f3 Nc6 8. Be3
O-O 9. O-O Bd7 10. Nxc6 bxc6 11. Qd3 Qc7 12. Rfd1 Rab8 13. Bb3 Rfd8 14. Qd2 Bc8
15. Kh1 e6 16. Bh6 Bh8 17. Qg5 d5 18. Rac1 d4 19. Ne2 c5 20. Rb1 Ba6 21. Nf4 c4
22. Ba4 e5 23. Nh3 Rb4 24. b3 c3 25. a3 Rbb8 26. Nf2 d3 27. Nxd3 Bxd3 28. Rxd3
Rxd3 29. cxd3 c2 30. Rc1 Qc3 31. b4 Qxa3 32. Qxe5 Qxb4 33. Qc7 Qb6 34. Rxc2 1-0

[Event "ICS Rated standard match"]
[Site "204.178.125.65"]
[Date "1999.12.13"]
[Round "?"]
[White "PostModernist"]
[Black "Hossa"]
[Result "1-0"]
[WhiteElo "2500"]
[BlackElo "2237"]
[PlyCount "87"]

1. e4 e5 2. f4 exf4 3. Nf3 g5 4. h4 g4 5. Ng5 h6 6. Nxf7 Kxf7 7. d4 d5 8. Bxf4
dxe4 9. Bc4+ Ke8 10. Nc3 Nf6 11. Qd2 Nc6 12. O-O-O Na5 13. Qe2 Nxc4 14. Qxc4
Rh7 15. Be5 c6 16. Rde1 Rf7 17. Bxf6 Rxf6 18. d5 Kf7 19. dxc6+ Kg7 20. c7 Qd7
21. Nd5 Rf5 22. Qd4+ Kg6 23. h5+ Kf7 24. c4 b5 25. Rhf1 bxc4 26. Qxe4 Kg7 27.
Ne3 Rxf1 28. Rxf1 Qe7 29. Qg6+ Kh8 30. Nd5 Qg5+ 31. Qxg5 hxg5 32. Rxf8+ Kg7 33.
Rd8 c3 34. Ne7 Bd7 35. Rxd7 Kh6 36. Rd8 Kxh5 37. Rxa8 Kh4 38. Nf5+ Kh5 39. c8=Q
g3 40. Ne7 cxb2+ 41. Kxb2 g4 42. Qh8+ Kg5 43. Rg8+ Kf4 44. Qd4# 1-0

[Event "ICS rated blitz match"]
[Site "204.178.125.65"]
[Date "1999.12.13"]
[Round "?"]
[White "Hossa"]
[Black "Beadle"]
[Result "0-1"]
[WhiteElo "2458"]
[BlackElo "2603"]
[PlyCount "168"]

1. e4 Nf6 2. e5 Nd5 3. c4 Nb6 4. d4 d6 5. exd6 exd6 6. Nf3 Nc6 7. Nc3 Bg4 8.
Be3 Qf6 9. Nd5 Nxd5 10. cxd5 Bxf3 11. gxf3 Ne7 12. Qa4+ c6 13. dxc6 Nxc6 14.
Rg1 d5 15. O-O-O Be7 16. Qb3 O-O-O 17. a3 Kb8 18. Kb1 g6 19. Bb5 Ka8 20. f4
Qf5+ 21. Qd3 Qxd3+ 22. Rxd3 Rc8 23. Rc3 a6 24. Be2 Bf6 25. Rgc1 Ne7 26. Rxc8+
Rxc8 27. Rxc8+ Nxc8 28. Bg4 Ne7 29. Bd7 Bg7 30. Kc2 Kb8 31. Kc3 Kc7 32. Be8 f5
33. Bf7 a5 34. b4 axb4+ 35. Kxb4 Kd6 36. a4 Bf6 37. Kc3 b6 38. Kd3 Nc6 39. Bg8
h6 40. Bf7 g5 41. fxg5 hxg5 42. f4 g4 43. Bg6 Ke6 44. Bf2 Ne7 45. Bh5 Nc8 46.
Be8 Nd6 47. Bb5 Bd8 48. Ba6 Bc7 49. Bh4 Kf7 50. Ke3 Nc4+ 51. Bxc4 dxc4 52. d5
c3 53. Bg5 Bd6 54. Kd3 Bb4 55. Bh4 Bc5 56. Kxc3 Bg1 57. Bg3 Ke7 58. Kb4 Kd6 59.
Kc4 Be3 60. Kd3 Bc5 61. Kc4 Bg1 62. Kc3 Kxd5 63. Kd3 Kc5 64. Kc3 Be3 65. Kb3
Kd4 66. Kb4 Ke4 67. Kb5 Bg1 68. Kc6 Kf3 69. Kd5 Bxh2 70. Bxh2 Kg2 71. Bg1 Kxg1
72. Ke5 Kf2 73. Kxf5 g3 74. Ke6 g2 75. f5 g1=Q 76. Kf7 Kf3 77. f6 Ke4 78. Ke7
Qg5 79. Kf7 Kf5 80. Ke8 Ke6 81. Kd8 Qc5 82. f7 Qc6 83. f8=N+ Kd6 84. a5 Qa8#
0-1

[Event "ICS rated blitz match"]
[Site "204.178.125.65"]
[Date "1999.12.13"]
[Round "?"]
[White "Beadle"]
[Black "Hossa"]
[Result "1/2-1/2"]
[WhiteElo "2613"]
[BlackElo "2448"]
[PlyCount "148"]

1. e4 c5 2. Nf3 Nc6 3. d4 cxd4 4. Nxd4 Nf6 5. Nc3 e5 6. Ndb5 d6 7. Bg5 a6 8.
Na3 b5 9. Bxf6 gxf6 10. Nd5 Bg7 11. c4 Ne7 12. cxb5 Nxd5 13. Qxd5 Qa5+ 14. Kd1
O-O 15. bxa6 Qxd5+ 16. exd5 Bxa6 17. Bxa6 Rxa6 18. Nc4 Rb8 19. Ke2 Rb5 20. Rhd1
Rb4 21. b3 e4 22. Kf1 h5 23. Rac1 Rxa2 24. Nxd6 f5 25. Nxf5 Rxb3 26. Ng3 f5 27.
Re1 Rd3 28. Re2 Rxe2 29. Kxe2 Rxd5 30. Nxh5 Be5 31. Ng3 Bxg3 32. hxg3 Kg7 33.
Ke3 Kf6 34. g4 fxg4 35. Kxe4 Rd2 36. Rc6+ Kf7 37. Ke3 Rb2 38. g3 Rb3+ 39. Kd2
Rb2+ 40. Rc2 Rxc2+ 41. Kxc2 Ke6 42. Kd2 Kd6 43. Ke2 Ke6 44. Ke1 Kd5 45. Kf1 Ke5
46. Kg2 Ke4 47. Kh2 Kf3 48. Kg1 Ke4 49. Kg2 Ke5 50. f4+ gxf3+ 51. Kxf3 Kf5 52.
Kf2 Kf6 53. g4 Kg7 54. Kf3 Kg8 55. Kf4 Kf8 56. Ke3 Kg8 57. Ke2 Kf7 58. Kd1 Kg8
59. Kc2 Kf7 60. Kb3 Kg8 61. Kc3 Kf7 62. Kb4 Kg8 63. Kc5 Kf8 64. Kc6 Ke7 65. g5
Ke6 66. Kc5 Ke5 67. Kc4 Ke6 68. Kd3 Kd5 69. Ke2 Ke6 70. g6 Kf6 71. g7 Kf7 72.
Ke3 Kg8 73. Ke4 Kf7 74. Ke5 Kxg7 1/2-1/2

[Event "ICS rated blitz match"]
[Site "204.178.125.65"]
[Date "1999.12.13"]
[Round "?"]
[White "Hossa"]
[Black "Beadle"]
[Result "1-0"]
[WhiteElo "2455"]
[BlackElo "2606"]
[PlyCount "139"]

1. e4 Nf6 2. e5 Nd5 3. c4 Nb6 4. d4 d6 5. exd6 exd6 6. Nf3 Nc6 7. d5 Ne5 8.
Nbd2 Bg4 9. Be2 Bf5 10. O-O Qf6 11. Nd4 O-O-O 12. Nxf5 Qxf5 13. a4 g5 14. a5
Nbd7 15. a6 b6 16. Re1 Bg7 17. Nf1 Qg6 18. Ra3 Bf6 19. Bh5 Qg8 20. Ne3 Re8 21.
b3 Kb8 22. Nf5 Ka8 23. Be3 h6 24. Qe2 Qh7 25. Qc2 Nc5 26. Be2 Ned7 27. b4 Ne4
28. Nd4 Bxd4 29. Bxd4 Nef6 30. Qa4 Nb8 31. h3 Nfd7 32. Bxh8 Qxh8 33. Qc2 Nf6
34. Raa1 Nbd7 35. Rad1 Qg8 36. Bd3 Rxe1+ 37. Rxe1 Ne5 38. b5 h5 39. Qe2 g4 40.
Kf1 gxh3 41. gxh3 Qc8 42. Qe3 h4 43. f4 Nxd3 44. Qxd3 Kb8 45. Re7 Qf8 46. Qe2
Kc8 47. Re3 Kd8 48. Qf2 Qh6 49. Re2 Qh5 50. Qe3 Kc8 51. Qe7 Qh6 52. Kg1 Qh8 53.
Qxf7 Kd8 54. Kf1 Qh6 55. Qe7+ Kc8 56. Ke1 Qh8 57. Qf7 Kd8 58. Re7 Ne8 59. Kf1
Nf6 60. Qe6 Qf8 61. Rf7 Qxf7 62. Qxf7 Nd7 63. f5 Ne5 64. Qf8+ Kd7 65. f6 Ng6
66. Qg8 c6 67. bxc6+ Kc7 68. Qa8 b5 69. Qb7+ Kd8 70. Qb8# 1-0

[Event "ICS rated blitz match"]
[Site "204.178.125.65"]
[Date "1999.12.13"]
[Round "?"]
[White "counterplay"]
[Black "Hossa"]
[Result "1-0"]
[WhiteElo "2645"]
[BlackElo "2478"]
[PlyCount "109"]

1. d4 f5 2. g3 e6 3. c4 d5 4. Bg2 Nf6 5. Nf3 Nc6 6. b3 dxc4 7. bxc4 e5 8. d5 e4
9. dxc6 Qxd1+ 10. Kxd1 exf3 11. Bxf3 b6 12. Bf4 Ne4 13. Bxe4 fxe4 14. Bxc7 Ba6
15. Be5 O-O-O+ 16. Kc2 Bxc4 17. Nc3 Re8 18. Bf4 Re6 19. c7 Bb4 20. Rhe1 Rc6 21.
Kb2 Rf8 22. h4 Bxc3+ 23. Kxc3 Bxe2+ 24. Kb2 Bf3 25. Rac1 Rc5 26. Rxc5 bxc5 27.
Rc1 Rf5 28. Bd6 Rf6 29. Bxc5 Rc6 30. Bxa7 Rxc1 31. Kxc1 Kxc7 32. a4 Kb7 33. Bd4
Ka6 34. Bc3 g6 35. Kd2 Kb6 36. Ke3 Kc5 37. a5 Bg2 38. Kf4 Kc4 39. a6 e3 40. f3
Bh3 41. a7 Kxc3 42. Kxe3 h5 43. a8=Q Bf5 44. g4 Bd7 45. Qa3+ Kc4 46. Qd3+ Kb4
47. Qxd7 Kc5 48. Qc7+ Kb5 49. g5 Kb4 50. Kd4 Kb3 51. Qb7+ Kc2 52. Qb6 Kd2 53.
Qb2+ Ke1 54. Ke3 Kf1 55. Qf2# 1-0

[Event "ICS rated blitz match"]
[Site "204.178.125.65"]
[Date "1999.12.13"]
[Round "?"]
[White "Hossa"]
[Black "Bomber"]
[Result "1-0"]
[WhiteElo "2469"]
[BlackElo "2158"]
[PlyCount "55"]

1. d4 d5 2. c4 e5 3. dxe5 d4 4. Nf3 Nc6 5. g3 Bg4 6. Nbd2 Qd7 7. Bg2 O-O-O 8.
O-O Nge7 9. Ng5 Nf5 10. h3 Bh5 11. g4 h6 12. Ngf3 Bg6 13. gxf5 Bxf5 14. Kh2 g5
15. Qa4 Kb8 16. Qb5 a6 17. Qa4 f6 18. Ne1 fxe5 19. Bxc6 bxc6 20. Rg1 Bd6 21.
Qxa6 e4+ 22. Rg3 e3 23. fxe3 dxe3 24. Nf1 Bxh3 25. Bxe3 Bxg3+ 26. Nxg3 Qe7 27.
Ba7+ Ka8 28. Bc5+ 1-0

[Event "ICS rated blitz match"]
[Site "204.178.125.65"]
[Date "1999.12.13"]
[Round "?"]
[White "Bomber"]
[Black "Hossa"]
[Result "0-1"]
[WhiteElo "2153"]
[BlackElo "2474"]
[PlyCount "49"]

1. e4 c5 2. Nf3 d6 3. d4 Nf6 4. e5 dxe5 5. Nxe5 Qxd4 6. Qxd4 cxd4 7. Bc4 e6 8.
Bg5 Ne4 9. Bf4 Bb4+ 10. Nd2 Bxd2+ 11. Bxd2 Nxd2 12. Kxd2 Nc6 13. Bb5 Bd7 14.
Nxd7 Kxd7 15. Rad1 Rac8 16. Kc1 e5 17. f4 f6 18. Rhf1 Kd6 19. fxe5+ fxe5 20.
Rf7 Rc7 21. Rdf1 Nd8 22. Rf8 Rxf8 23. Rxf8 Ne6 24. Rh8 g6 25. Bc4 0-1

[Event "ICS rated blitz match"]
[Site "204.178.125.65"]
[Date "1999.12.13"]
[Round "?"]
[White "Hossa"]
[Black "Beadle"]
[Result "1-0"]
[WhiteElo "2478"]
[BlackElo "2597"]
[PlyCount "145"]

1. d4 Nf6 2. c4 e6 3. Nc3 Bb4 4. Qc2 d5 5. cxd5 exd5 6. Bg5 Nc6 7. O-O-O Bxc3
8. Qxc3 Ne4 9. Bxd8 Nxc3 10. bxc3 Kxd8 11. Rd2 Bf5 12. Rb2 Kc8 13. e3 Re8 14.
Nf3 f6 15. Bb5 g5 16. Bxc6 bxc6 17. Nd2 Kd7 18. Nb3 Rab8 19. h4 g4 20. Nc5+ Kd6
21. Rb3 Rb5 22. Kd2 Re7 23. Rf1 Rxc5 24. dxc5+ Kxc5 25. Rb8 Rg7 26. Ra8 Kb6 27.
Rf8 Rg6 28. Rb8+ Ka6 29. g3 Be4 30. Rd8 Rg7 31. Rf8 f5 32. Rd1 Re7 33. a4 Kb7
34. Ra1 c5 35. Ra2 a6 36. Rb2+ Ka7 37. Rfb8 d4 38. cxd4 Rd7 39. Kc3 cxd4+ 40.
exd4 Re7 41. a5 Bd5 42. Rf8 Be4 43. h5 Rd7 44. Re8 Bc6 45. Reb8 Bd5 46. Rh8 Be4
47. Rf8 h6 48. Rf6 Rh7 49. Rb3 Bd5 50. Rb4 Be4 51. Rb2 c6 52. Rb6 Bd5 53. Rxf5
Rd7 54. Rf6 Rh7 55. Rg6 Bf3 56. Kd3 Bd5 57. Rxg4 Re7 58. Kc3 Rf7 59. f4 Re7 60.
Rg6 Be4 61. Rxh6 Rg7 62. Re6 Rxg3+ 63. Kb4 Bd5 64. Re7+ Ka8 65. Rxa6+ Kb8 66.
Rb6+ Kc8 67. Kc5 Kd8 68. Kd6 Rb3 69. h6 Rxb6 70. h7 c5+ 71. axb6 cxd4 72. h8=Q+
Bg8 73. Qxg8# 1-0

[Event "ICS rated blitz match"]
[Site "204.178.125.65"]
[Date "1999.12.13"]
[Round "?"]
[White "Beadle"]
[Black "Hossa"]
[Result "1-0"]
[WhiteElo "2576"]
[BlackElo "2499"]
[PlyCount "79"]

1. e4 c5 2. Nf3 d6 3. d4 Nf6 4. Nc3 cxd4 5. Nxd4 e6 6. g4 Be7 7. Bb5+ Nfd7 8.
O-O h5 9. gxh5 a6 10. h6 Bf6 11. Bc4 gxh6 12. Kh1 Qb6 13. Nde2 Ne5 14. Bb3 Ng4
15. Be3 Nxe3 16. fxe3 Nd7 17. Nd4 Rg8 18. Qh5 Rg5 19. Qxh6 Rg6 20. Qh7 Rg5 21.
Bxe6 fxe6 22. Nxe6 Qxe3 23. Nxg5 Qxg5 24. Nd5 Kd8 25. Rxf6 Qxf6 26. Nxf6 Nxf6
27. Qh4 Be6 28. Qxf6+ Kd7 29. Rg1 Rg8 30. Rxg8 Bxg8 31. Qg7+ Kc6 32. Qxg8 Kc7
33. h4 a5 34. h5 a4 35. h6 d5 36. h7 Kb6 37. Qd8+ Kb5 38. h8=Q b6 39. Qxd5+ Kb4
40. Qc3# 1-0

[Event "ICS rated blitz match"]
[Site "204.178.125.65"]
[Date "1999.12.13"]
[Round "?"]
[White "Hossa"]
[Black "Skeletor"]
[Result "0-1"]
[WhiteElo "2486"]
[BlackElo "2658"]
[PlyCount "98"]

1. d4 Nf6 2. c4 e6 3. Nc3 Bb4 4. Qc2 O-O 5. a3 Bxc3+ 6. Qxc3 b6 7. Bg5 c5 8.
dxc5 bxc5 9. Bxf6 Qxf6 10. Qxf6 gxf6 11. Nf3 Rd8 12. b4 Na6 13. Rb1 Rb8 14. b5
Nc7 15. a4 Bb7 16. Nd2 d5 17. a5 dxc4 18. b6 axb6 19. axb6 Na8 20. Nxc4 Ba6 21.
Nd2 Nxb6 22. Ne4 Nd7 23. Ra1 Bb7 24. Nc3 Bc6 25. Ra7 Rb3 26. Kd2 Ne5+ 27. Kc2
Rdb8 28. f4 Ng4 29. Ra2 Ne3+ 30. Kd2 Nc4+ 31. Kd3 Na3 32. Rxa3 Rxa3 33. Kc2
Rbb3 34. Nd1 Ba4 35. Kd2 Ra2+ 36. Kc1 Rb4 37. Nc3 Rc2+ 38. Kd1 Rxc3+ 39. Kd2
Ra3 40. g3 c4 41. Ke1 Rb1+ 42. Kf2 c3 43. Bg2 c2 44. Be4 Rxh1 45. Bxc2 Bxc2 46.
f5 Rxh2+ 47. Ke1 Bd3 48. Kd1 Rxe2 49. fxe6 Ra1# 0-1

[Event "ICS Rated standard match"]
[Site "204.178.125.65"]
[Date "1999.12.13"]
[Round "?"]
[White "Hossa"]
[Black "PostModernist"]
[Result "1/2-1/2"]
[WhiteElo "2231"]
[BlackElo "2493"]
[PlyCount "146"]

1. e4 c5 2. Nf3 Nc6 3. d4 cxd4 4. Nxd4 Nf6 5. Nc3 e5 6. Ndb5 d6 7. Bg5 a6 8.
Na3 b5 9. Nd5 Be7 10. Bxf6 Bxf6 11. c3 Ne7 12. Nxf6+ gxf6 13. Bd3 Bb7 14. Nb1
f5 15. Nd2 Ng6 16. Qf3 Nf4 17. h4 Rg8 18. g3 Nxd3+ 19. Qxd3 fxe4 20. Nxe4 Rg6
21. h5 Re6 22. Rh4 f5 23. Nd2 Rf6 24. O-O-O Qb6 25. Rh2 O-O-O 26. Re1 Qc7 27.
Qe2 Rg8 28. Rh4 Bd5 29. Kb1 h6 30. Rb4 Qa7 31. Rc1 Qc5 32. Rd1 Qc6 33. Rh4 f4
34. gxf4 exf4 35. Qd3 Qc5 36. f3 Rg1 37. Rh1 Rxd1+ 38. Rxd1 Re6 39. Qh7 Qe3 40.
Qf5 Qe5 41. Qf8+ Re8 42. Qxh6 Rh8 43. Qg6 Rxh5 44. Qg2 Kc7 45. Ka1 Rg5 46. Qf1
Qe3 47. a4 Rh5 48. Qg2 Bf7 49. Ne4 Rd5 50. Rb1 Rf5 51. Qg4 Re5 52. Qg7 Re7 53.
Qf6 Rd7 54. Nxd6 Rxd6 55. Qxf7+ Kc6 56. Qg8 Kc7 57. Qh7+ Kb8 58. Qh1 bxa4 59.
Re1 Qd2 60. Qh8+ Kb7 61. Re7+ Rd7 62. Rxd7+ Qxd7 63. Qh1 Qd3 64. Ka2 a5 65. Qh5
Qc4+ 66. Kb1 Qf1+ 67. Kc2 Qf2+ 68. Kb1 Qg1+ 69. Ka2 Qg8+ 70. Ka1 Qg1+ 71. Ka2
Qg8+ 72. Ka1 Qg1+ 73. Ka2 Qg8+ 1/2-1/2